LEADER 01488nas a2200253 i 4500 001 000000002454 003 CaOOAMICUS 005 20210601104558.0 008 180830c19759999it ar p u0 0ita r 022 $a0391-2566 040 $aSeMil$bita 245 00$aMedioevo :$brivista di storia della filosofia medievale. 260 $aPadova :$bAntenore,$c1975- 310 $aAnnuale 362 0 $a1975- 510 4 $aCod. rivista ACNP:$cP 79036 710 2 $aCentro per Ricerche di Filosofia Medievale .$0(OLS)http://semarc/name/2031 850 $aSeMil 852 $aSeMil$W1$xVenegono$y1$pCliccare per visualizzare collocazione, posseduto cumulativo e fascicoli ricevuti dell?annata corrente

Cliccare per visualizzare eventuali spogli (alla eventuale voce ?Indici? in fondo di pagina)$B228361$CSeMilBibl$Z2$F228361 $85 961 $aPubblicazione in abbonamento 996 $6022$a0391-2566$9(OLS)http://semarc/number/293366 996 $6245$aMedioevo :$brivista di storia della filosofia medievale$9(OLS)http://semarc/title/4142 996 $6260$aPadova :$bAntenore$9(OLS)http://semarc/publisher/30160 LEADER 01481nam a2200253 i 4500 001 000000066825 003 CaOOAMICUS 005 20121012000000.0 008 121012s1897 it u000 u ita u 013 $a37997 040 $aSeMil$bita 245 10$aCommemorazione del primo centenario dalla nascita di Antonio Rosmini :$brelazione della Presidenza del Comitato sulla festa accademica del 2 maggio 1897 /$cpubblicata a cura del Comitato stesso ; coi dircorsi pronunciati in onore di Antonio Rosmini [da] Fedele Lampertico e [da] Vincenzo Lilla. 260 $aMilano :$bL. F. Cogliati,$c1897. 300 $a131 p. ;$c21 cm. 600 14$aRosmini Serbati, Antonio .$0(OLS)http://semarc/subject/791 700 1 $aLilla, Vincenzo.$0(OLS)http://semarc/name/33514 700 1 $aLampertico, Fedele <1833-1906>.$0(OLS)http://semarc/name/15288 850 $aSeMil 852 $aSeMil$W1$xVenegono$y1$m2N V 40 FA$j32978$B32978$CSeMilBibl$Z2$F32981 $8I 852 $aSeMil$W1$xVenegono$y1$m5B IV 8/14$j244796$B247409$CSeMilBibl$Z2$F247409 $8I 961 $aRecupero da Biblioteca Seminario liceale - Monza 961 $aEtichetta della Biblioteca del Seminario liceale di Monza 996 $6245$aCommemorazione del primo centenario dalla nascita di Antonio Rosmini :$brelazione della Presidenza del Comitato sulla festa accademica del 2 maggio 1897$9(OLS)http://semarc/title/106346 996 $6260$aMilano :$bL. F. Cogliati$9(OLS)http://semarc/publisher/29949